01008nam a2200193 a 450000100100000000500170001000800410002704000250006808200160009311000990010924501120020826000700032030000200039059000260041095201280043695201140056495201190067899900170079700004695920240304103305.0180409s2001 dr r 000 0 spa d aDO-SdBNPbspacBNPHU axxxxbR426r1 aRepública Dominicana.b Secretaría de Estado de Medio Ambiente y Recursos Naturales91450310aReglamento para el funcionamiento de la industria forestal que procesa madera en la República Dominicana. aSanto Domingo :bSecretaría de Estado de Medio Ambiente,c2001. a14 p. ;c22 cm. aInventariado, 2018/BT 001154708DSaGRbGRcMId2018-04-09iLF1l0oxxxx R426rp46959-30r2020-06-25te.3w2020-06-25yLFDSZPréstamo en sala 0010718PDaPDbPDcHDd2018-04-09iLF1l0oxxxx R426rp46959-10r2020-06-25w2020-06-25yLFPDZNo se presta 0010718PDaPDbPDcHDd2018-04-09iLF1l0oxxxx R426rp46959-20r2020-06-25te.2w2020-06-25yLFPDZNo se presta c46447d46447